000 01008nam a2200277Ia 4500
001 Para_10400
003 CHAP
008 220125sJuni xx 000 0 und d
010 _a209158
040 _cCHAP
090 _aPA CD - TESIS 425
100 _aGonzález Osorio, Victoria
_9129449
245 _aDetección de Escherichia coli y Salmonella en aguas y heces fecales de animales en la producción de hortalizas, frutas y frutillas /
_c Victoria González Osorio; Director Marcelo Acosta Ramos
260 _aChapingo, Méx. :
_b el autor
300 _a1 CDS ROM (47 p.)
502 _aTesis (Ing. Agr. Esp. en Parasitología Agrícola). UACh. Departamento Parasitología Agrícola
700 _aAcosta Ramos, Marcelo. Director
_9175056
710 _aUACh Departamento Parasitología Agrícola
901 _aPA CD - TESIS 425
902 _aM
905 _a513220Junio, 2015 an 8100000000 06
910 _aJuni
942 _cPARA
942 _cPARA
_d2
999 _c209158
_d209158